00738nam a2200217 a 4500001001000000003000900010005001700019007000300036008004100039020001800080040002500098082002200123100002800145245009100173260007200264300003000336650003300366650005900399650005900458700000300517000038018DO-SdBNP20221025140903.0ta130312s2019 dr ao grc 000 0 spa d a9789945616224 aDO-SdBNPbspacBNPHU 4a791.43bL865d2221 aLora R., Félix Manuel10aEl discurso temático en la producción fílmica dominicana. /cManuel Félix Lora aSanto Domingo :bFundación Global Democracia y Desarrollo, c2019 a197 p. : bil., ;c24 cm. 4aCinezRepública Dominicana 4aPelículas CinematográficaszRepública Dominicana 4aPelículas cinematográficaszRepública Dominicana1